Adminisztratív különbségből területi egyenlőtlenség - újfent? EU-s területfejlesztési források a kistérségi hierarchiában = From an administrative difference regional inequality - again? EU regional development sources in the micro-region hierarchy /

A tanulmányban a területfejlesztési politika és a területi egyenlőtlenségek összefüggését vizsgáló kutatási tevékenységünk eredményeiből mutatunk be egy speciális témakört: a települési hierarchia hatását a fejlesztési források allokációjára. Kiinduló feltételezésünk, hogy a pusztán adminisztratív k...

Teljes leírás

Elmentve itt :
Bibliográfiai részletek
Szerző: Balogh Péter
Dokumentumtípus: Cikk
Megjelent: Belvedere Meridionale Szeged 2012
Sorozat:Belvedere Meridionale 24 No. 1
Kulcsszavak:Szociológia, Területfejlesztés
Tárgyszavak:
Online Access:http://acta.bibl.u-szeged.hu/5335
LEADER 02388nab a2200217 i 4500
001 acta5335
005 20250714145315.0
008 161015s2012 hu o 000 hun d
040 |a SZTE Egyetemi Kiadványok Repozitórium  |b hun 
041 |a hun 
041 |a eng 
100 1 |a Balogh Péter 
245 1 0 |a Adminisztratív különbségből területi egyenlőtlenség - újfent?   |h [elektronikus dokumentum] :  |b EU-s területfejlesztési források a kistérségi hierarchiában = From an administrative difference regional inequality - again? EU regional development sources in the micro-region hierarchy /  |c  Balogh Péter 
260 |a Belvedere Meridionale  |b Szeged  |c 2012 
300 |a 36-57 
490 0 |a Belvedere Meridionale  |v 24 No. 1 
520 3 |a A tanulmányban a területfejlesztési politika és a területi egyenlőtlenségek összefüggését vizsgáló kutatási tevékenységünk eredményeiből mutatunk be egy speciális témakört: a települési hierarchia hatását a fejlesztési források allokációjára. Kiinduló feltételezésünk, hogy a pusztán adminisztratív különbségekből a fejlesztéspolitika keretében egyenlőtlenségek keletkeznek. Az első részben bemutatjuk a probléma empirikus tárgyalását lehetővé tevő elméleti keretet és a vonatkozó kutatási eredményeket, s amellett érvelünk, hogy a rendszerváltás előtti újraelosztáson alapuló területfejlesztési rendszernek és a 2004-es európai uniós csatlakozást követően kiépített verseny-alapú forráselosztása rendszernek vannak hasonlóságai. Ezután rövid módszertani bemutatás, majd az adatelemzések eredményeinek közlése és értelmezése következik. Utóbbi keretében – a magasabb belső érvényesség érdekében – kontrollváltozós lineáris regressziós modellek segítségével vizsgáljuk a fejlesztési források eloszlásának mintázottságát. A főbb eredmények alapján megfogalmazható, hogy a központi települések magasabb támogatási aránnyal és magasabb támogatási összeggel tudják projektjeiket megvalósítani, ami még jellemzőbb a fejlesztéspolitika erőtérben jobban teljesítő, sikeresebb kistérségek esetében. 
650 4 |a Társadalomtudományok 
650 4 |a Szociológia 
695 |a Szociológia, Területfejlesztés 
856 4 0 |u http://acta.bibl.u-szeged.hu/5335/1/belvedere_2012_001_036-057.pdf  |z Dokumentum-elérés